000 01401cam a2200289 i 4500
003 SA-RiAUC
005 20250602085024.0
008 250602s2002 le g 00000 ara c
020 _a274513549X
040 _aSA-RiKSU
_bara
_cSA-RiAUC
_erda
050 4 _b.T87 2002
082 0 4 _a237.3
_qSA-RiAUC
090 _a237.3
_b ط ر ط
100 1 _aالطرطوشي، محمد بن الوليد بن محمد،
_d451-520 هجري
_eمؤلف.
245 1 2 _aالدعاء المأثور وآدابه وما يجب على الداعي إتيانه واجتنابه /
_cتأليف أبو بكر الطرطوشي ؛ وضع حواشيه وخرج آياته عبد الله محمود عمر.
250 _aالطبعة الأولى.
264 1 _aبيروت :
_bدار الكتب العلمية،
_c2002
300 _a207 صفحة ؛
_c24 سم
336 _aنص
_btxt
_2rdacontent
_3كتاب
337 _aبدون وسيط
_bn
_2rdamedia
338 _aمجلد
_bnc
_2rdacarrier
650 7 _aالأدعية والأوراد
_2aucsh
700 1 2 _iتعليق على (عمل) :
_aالطرطوشي، محمد بن الوليد بن محمد،
_d451-520 هجري
_tالدعاء المأثور وما يجب على الداعي اتباعه واجتنابه
700 1 _aعمر، عبد الله محمود محمد
_eمعلق.
942 _2ddc
_cBOOK
_n0
949 _aSA-JeALM
_d250602
_umohamedma123
_n1
999 _c8643
_d8643